LEADER 01145nam0-22003611i-450- 001 990003154410403321 005 20071205131014.0 035 $a000315441 035 $aFED01000315441 035 $a(Aleph)000315441FED01 035 $a000315441 100 $a20030910d1967----km-y0itay50------ba 101 0 $aeng 102 $aIT 200 1 $a<>Petty Papers$esome unpublished writings of Sir William Petty$fedited from the Bowood Papers by Marquis of Lansdowne 210 $aNew York$cAugustus M. Kelley$d1967 (reprinted) 215 $a2 v. (XLII, 276 p.) (XII, 309 p.)$d21 cm 225 1 $aReprints of economic classics 300 $a[orig. pub., London : Constable & Company, 1922] 610 0 $aEconomia$aStudi 676 $a082 702 1$aLansdowne,$bHenry William Edmund Petty-FitzMaurice$f<1872-1936> 702 1$aPetty,$bWilliam$f<1623-1687> 801 0$aIT$bUNINA$gRICA$2UNIMARC 901 $aBK 912 $a990003154410403321 952 $aD/3.21 PET$b6176$fSES 952 $aB / PET 1,1$fBFS 952 $aB / PET 1,2$fBFS 959 $aSES 959 $aBFS 996 $aPetty Papers$9458474 997 $aUNINA LEADER 03242nam 2200589Ia 450 001 9910453066503321 005 20200520144314.0 010 $a1-281-96817-X 010 $a9786611968175 010 $a981-281-478-7 035 $a(CKB)1000000000554952 035 $a(EBL)1193653 035 $a(SSID)ssj0000301558 035 $a(PQKBManifestationID)12096924 035 $a(PQKBTitleCode)TC0000301558 035 $a(PQKBWorkID)10263559 035 $a(PQKB)11584129 035 $a(MiAaPQ)EBC1193653 035 $a(WSP)00006403 035 $a(Au-PeEL)EBL1193653 035 $a(CaPaEBR)ebr10688086 035 $a(CaONFJC)MIL196817 035 $a(OCoLC)318879610 035 $a(EXLCZ)991000000000554952 100 $a20090306d2008 uy 0 101 0 $aeng 135 $aur|n|---||||| 181 $ctxt 182 $cc 183 $acr 200 10$aLecture notes on computational structural biology$b[electronic resource] /$fZhijun Wu 210 $aSingapore ;$aHackensack, NJ $cWorld Scientific$dc2008 215 $a1 online resource (244 p.) 300 $aDescription based upon print version of record. 311 $a981-270-589-9 320 $aIncludes bibliographical references and index. 327 $a1. Introduction. 1.1. Protein structure. 1.2. Structure determination. 1.3. Dynamics simulation. 1.4. The myth of protein folding -- 2. X-ray crystallography computing. 2.1. The phase problem. 2.2. Least squares solutions. 2.3. Entropy maximization. 2.4. Indirect methods -- 3. NMR structure determination. 3.1. Nuclear magnetic resonance. 3.2. Distance geometry. 3.3. Distance-based modeling. 3.4. Structural analysis -- 4. Potential energy minimization. 4.1. Potential energy function. 4.2. Local optimization. 4.3. Global optimization. 4.4. Energy transformation -- 5. Molecular dynamics simulation. 5.1. Equations of motion. 5.2. Initial-value problem. 5.3. Boundary-value problem. 5.4. Normal mode analysis -- 6. Knowledge-based protein modeling. 6.1. Sequence/structural alignment. 6.2. Fold recognition/inverse folding. 6.3. Knowledge-based structural refinement. 6.4. Structural computing and beyond. 330 $aWhile the field of computational structural biology or structural bioinformatics is rapidly developing, there are few books with a relatively complete coverage of such diverse research subjects studied in the field as X-ray crystallography computing, NMR structure determination, potential energy minimization, dynamics simulation, and knowledge-based modeling. This book helps fill the gap by providing such a survey on all the related subjects. Comprising a collection of lecture notes for a computational structural biology course for the Program on Bioinformatics and Computational Biology at Iow 606 $aComputational biology 606 $aStructural bioinformatics 608 $aElectronic books. 615 0$aComputational biology. 615 0$aStructural bioinformatics. 676 $a572.80285 700 $aWu$b Zhijun$f1956-$0951797 801 0$bMiAaPQ 801 1$bMiAaPQ 801 2$bMiAaPQ 906 $aBOOK 912 $a9910453066503321 996 $aLecture notes on computational structural biology$92151602 997 $aUNINA LEADER 02035nam2 2200397 i 450 001 CFI0295208 005 20231121125450.0 010 $a8821404080 020 $aIT$b95-4822 100 $a20141209d1991 ||||0itac50 ba 101 | $aita$aeng 102 $ait 181 1$6z01$ai $bxxxe 182 1$6z01$an 200 1 $a˜2.2: œPrincipalmente elettromagnetismo e struttura della materia$fRichard P. Feynman, Robert B. Leighton, Metthew Sands$gtraduzione a cura di S. Franchetti$gcoordinatore: M. Cresti 210 $aMilano \etc.!$cMasson$d1991$hstampa 1990 215 $a1 v. (paginazione varia)$d21x26 cm. 461 1$1001CFI0093625$12001 $a˜La œfisica di Feynman$fRichard P. Feynman, Robert B. Leighton, Matthew Sands$v2.2 510 1 $aMainly electromagnetism and matter. -$9MIL0137364 606 $aFisica$2FIR$3RMLC006389$9I 676 $a530$9FISICA$v21 700 1$aFeynman$b, Richard P.$3CFIV059930$4070$046772 701 1$aLeighton$b, Robert B.$3CFIV059931$4070$0757 701 1$aSands$b, Matthew$3CFIV059933$4070$0758 702 1$aFranchetti$b, Simone$3CFIV052564 702 1$aCresti$b, Marcello$3CFIV059942 790 1$aFeynman$b, Richard Phillips$3NAPV108718$zFeynman, Richard P. 790 1$aSands$b, Matthew Linzee$3SBNV053151$zSands, Matthew 801 3$aIT$bIT-01$c20141209 850 $aIT-FR0099 899 $aBiblioteca Area Ingegneristica$bFR0099 912 $aCFI0295208 950 2$aBiblioteca Area Ingegneristica$d 54DII 530FEY II 2$e 54VM 0000344925 VM barcode:BAIN001661. - Inventario:811dVM$fA $h20030723$i20121204$d 54DII 530FEY II 3$e 54VM 0000344915 VM barcode:BAIN001662. - Inventario:812dVM$fA $h20030723$i20121204$d 54DII 530FEY II$e 54VM 0000344905 VM barcode:BAIN001663. - Inventario:810dVM$fA $h20030723$i20121204 977 $a 54 996 $aPrincipalmente elettromagnetismo e struttura della materia$91400208 997 $aUNICAS